Poules de l'Euro 2024 - Statistiques

Statistiques générales
  • Ce quiz a été pris 155 fois
  • Le résultat moyen est 21 sur 24
Statistiques - réponses
Poule Equipes Points % Correct
Poule D 🇫🇷 France 5
98%
Poule A 🇩🇪 Allemagne 7
96%
Poule C 🏴󠁧󠁢󠁥󠁮󠁧󠁿 Angleterre 5
95%
Poule B 🇪🇸 Espagne 9
95%
Poule B 🇮🇹 Italie 4
94%
Poule F 🇵🇹 Portugal 6
94%
Poule D 🇳🇱 Pays Bas 4
91%
Poule A 🇨🇭 Suisse 5
91%
Poule E 🇧🇪 Belgique 4
90%
Poule D 🇵🇱 Pologne 1
90%
Poule D 🇦🇹 Autriche 6
89%
Poule B 🇭🇷 Croatie 2
88%
Poule E 🇸🇰 Slovaquie 4
84%
Poule C 🇸🇮 Slovénie 3
84%
Poule C 🇩🇰 Danemark 3
82%
Poule E 🇺🇦 Ukraine 4
82%
Poule B 🇦🇱 Albanie 1
81%
Poule A 🏴󠁧󠁢󠁳󠁣󠁴󠁿 Ecosse 1
81%
Poule F 🇹🇷 Turquie 6
81%
Poule F 🇬🇪 Géorgie 4
80%
Poule E 🇷🇴 Roumanie 4
80%
Poule A 🇭🇺 Hongrie 3
76%
Poule C 🇷🇸 Serbie 2
75%
Poule F 🇨🇿 Tchéquie 1
58%
Aucun quiz correspondant
Distribution des résultats
% des personnes avec chaque résultat
Percentile par nombre de réponses
Votre historique - résultats
Vous n’avez pas pris ce quiz